Devinez le titre de Laylow - Statistiques

Statistiques générales
  • Ce quiz a été pris 648 fois
  • Le résultat moyen est 7 sur 15
Statistiques - réponses
Hint Réponse % Correct
Bien sûr qu’t’es plus le même;
Ils savent pas de quoi tes capable mais moi, I know
Spécial
81%
T’facon, j’ai bloqué ton tel’ et j’compte pas faire la trêve;
Pour être sincère y’aura plus jamais d’après,yeah
Vent de l’est
66%
Mais bien entendu, l’enfer c’est pas nous, l’enfer c’est les autres HELP !!!
61%
Entre le bien et le mal, mais bon ça t’monte à la tête;
P’tit pétard à la fenêtre juste pour décompresser
Voir le monde brûler
57%
J’voulais écrire des sons positifs;
Mais j’crois qu’y en a aucun dans mon dix titres
Hello Raw Z
56%
Et quand l’FAMAS blesse, les égos se taisent;
Et quand l’témoin s’lève, j’suis toujours à l’aise
Maladresse
49%
Poser tes yeux sur les miens, ce fut ta première erreur;
J’te disais qu’ça mènerait à rien mais toi, tu n’écoutais rien
Poison
49%
Tu demandes à m’voir mais j’suis pas al;
J’ai vu ton appel mais j’réponds pas
Ciné club
45%
Tu sais plus si ton cœur est pur et tes mains demandent de l’or Brûle
43%
J’fume une clope la j’suis sur l’toit;
Mélancolie mode cinq étoiles
Fallen angels
41%
T’es bonne mais tu snobes comme si j’te parlais pas français;
La taille, les détails, t’avais tout donc j’ai flanché
Bad romance
37%
J’vais pas t’faire un schéma, j’dessine pas j’suis que dans l’pe-ra;
H-24 dans les ge-piè, tatoué, y a rien à fêter, rien a fêter
Logiciel triste
37%
Madame a fait sa crise comme d’hab;
Donc je sors ce soir
Division rouge
31%
Et tu sais toujours pas ce que tu voudrais faire dans la vie;
Donc tu tournes en rond avec tous tes amis dans la ville
Casting-La relève
21%
Sur ma ie-v, tu sais pas à quel point t’es égoïste;
Autotuné à mort, que des mélodies tristes
Gogo
17%
Aucun quiz correspondant
Distribution des résultats
% des personnes avec chaque résultat
Percentile par nombre de réponses
Votre historique - résultats
Vous n’avez pas pris ce quiz